Statistics for Steven Spielberg Oscar Nominations

Click here to take the quiz!

General Stats

  • This quiz has been taken 17 times
  • The average score is 6 of 14

Answer Stats

Release YearMovie% Correct
1982E.T. The Extra-Terrestrial
94%
1998Saving Private Ryan
75%
1993Schindler's List
75%
1981Raiders of the Lost Ark
63%
1977Close Encounters of the Third Kind
50%
2022The Fabelmans
50%
2015Bridge of Spies
44%
1985The Color Purple
38%
2021West Side Story
38%
2012Lincoln
31%
2005Munich
31%
2011War Horse
31%
2017The Post
25%
2006Letters From Two Jima
0%

Score Distribution

Percentile by Number Answered

Percent of People with Each Score

Your Score History

You have not taken this quiz